Statistics for Philadelphia 76ers NBA All-Stars

Click here to take the quiz!

General Stats

  • This quiz has been taken 183 times
    (129 since last reset)
  • The average score is 12 of 33

Answer Stats

Players Selections Last % Correct
Julius Erving111987
95%
Allen Iverson72010
95%
Joel Embiid32020
90%
Ben Simmons22020
84%
Moses Malone31986
84%
Wilt Chamberlain31968
80%
Charles Barkley61992
77%
Andre Iguodala12012
59%
Dikembe Mutombo12002
58%
Dolph Schayes121962
56%
Hal Greer101970
56%
Maurice Cheeks41988
53%
Billy Cunningham41972
47%
Bobby Jones21982
40%
Jrue Holiday12013
37%
Doug Collins41979
23%
Hersey Hawkins11991
23%
George McGinnis21977
19%
Theo Ratliff12001
19%
Andrew Toney21984
19%
Luke Jackson11965
15%
Johnny Kerr11963
14%
Chet Walker31967
14%
Red Kerr21959
14%
Steve Mix11975
13%
Dana Barros11995
9%
Larry Costello61965
9%
George Yardley11960
3%
Paul Seymour31955
3%
Red Rocha11952
3%
Lee Shaffer11963
2%
John Block11973
0%
Billy Gabor11953
0%

Score Distribution

Percentile by Number Answered

Percent of People with Each Score

Your Score History

You have not taken this quiz since the last reset